| 000 | 00933nam a22003377a 4500 | ||
|---|---|---|---|
| 005 | 20260226155919.0 | ||
| 008 | 210825b2018 xxu||||| |||| 00| 0 spa d | ||
| 020 | _a9789587841176 | ||
| 041 | _aESP | ||
| 082 | _a658.8 J91p | ||
| 100 |
_aJuárez, Fernando _961439 |
||
| 245 | _aPrincipios de marketing | ||
| 260 | _aColombia | ||
| 260 | _bUniversidad del Rosario | ||
| 260 | _c2018 | ||
| 300 | _a149 páginas | ||
| 490 | _aDirección y Administración de Empresas | ||
| 650 | _aGERENCIA DEL MARKETING | ||
| 650 | _aMARKETING | ||
| 650 | _aPLAN DE MARKETING | ||
| 650 | _aMARKETING DIGITAL | ||
| 650 | _aPLAN DE MARKETING PARA LA EMPRESA | ||
| 650 | _aCADENA DE VALOR | ||
| 650 | _aCONSUMIDOR | ||
| 650 | _aANÁLISIS DE LA ECONOMÍA | ||
| 650 | _aMODELOS DE MARKETING | ||
| 650 | _aSATISTACCIÓN DEL CONSUMIDOR | ||
| 650 | _aLEALTAD DEL CONSUMIDOR | ||
| 650 | _aMODELOS DE MARKETING | ||
| 942 |
_cBK _2ddc |
||
| 999 |
_c13167 _d13167 |
||